Culture Générale - Série 2609 - Statistiques

Statistiques générales
  • Ce quiz a été pris 90 fois
  • Le résultat moyen est 4 sur 10
Statistiques - réponses
Question Réponse % Correct
De qui Botticelli a-t-il peint la naissance ? Vénus
72%
Qui a écrit le poème "Le bateau ivre" en 1871 ? prénom et nom Arthur Rimbaud
51%
Qui a peint "Les nymphéas" (série d'environ 250 peintures à l'huile impressionnistes) ? prénom et nom Claude Monet
49%
Avec le Mozambique, quel autre pays africain est-il devenu indépendant en 1975 ? Angola
48%
En quelle année "Les trois glorieuses" ont-elles eu lieu (27 28 29 juillet) ? 1830
36%
A quel journal associe-t-on Jean-Paul Sartre ? Libération
31%
Ce terme littéraire synonyme de lubrique, vicieux qualifie quelqu'un qui se plaît à évoquer des propos ou recherche des plaisirs d'ordre sexuel - 6 lettres commençant par " s " salace
23%
Devant du corps (du cheval et de quelques animaux domestiques), entre l'encolure et les pattes de devant. poitrail
21%
Qui a écrit "Sous le soleil de satan" en 1926 ? prénom et nom Georges Bernanos
19%
Comment s'appelle l'épouse d'Othello dans la pièce de Shakespeare ? Desdémone
12%
Aucun quiz correspondant
Distribution des résultats
% des personnes avec chaque résultat
Percentile par nombre de réponses
Votre historique - résultats
Vous n’avez pas pris ce quiz